Bibliografía de Goya / (Record no. 60788)

MARC details
000 -LEADER
campo de control de longitud fija 00631nam a2200217 i 4500
001 - NÚMERO DE CONTROL
campo de control 60788
003 - IDENTIFICADOR DE NÚMERO DE CONTROL
campo de control ES-MaACL
005 - FECHA Y HORA DE LA ÚLTIMA TRANSACCIÓN
campo de control 20250822062528.0
007 - CAMPO FIJO DE DESCRIPCIÓN FÍSICA--INFORMACIÓN GENERAL
campo de control de longitud fija t|
008 - DATOS DE LONGITUD FIJA--INFORMACIÓN GENERAL
campo de control de longitud fija 031106s1940 mx ||||1| spa d
100 1# - ENTRADA PRINCIPAL--NOMBRE DE PERSONA
Nombre de persona Estrada, Genaro.
9 (RLIN) 48196
245 10 - MENCIÓN DEL TÍTULO
Título Bibliografía de Goya /
Mención de responsabilidad, etc. Genaro Estrada.
250 ## - MENCION DE EDICION
Mención de edición 1ª ed.
260 ## - PUBLICACIÓN, DISTRIBUCIÓN, ETC.
Lugar de publicación, distribución, etc. México :
Nombre del editor, distribuidor, etc. La Casa de España en México,
Fecha de publicación, distribución, etc. 1940 (
Fabricante Industrial Gráfica)
300 ## - DESCRIPCIÓN FÍSICA
Extensión 117 p. ;
Dimensiones 25 cm.
600 14 - PUNTO DE ACCESO ADICIONAL DE MATERIA--NOMBRE DE PERSONA
Nombre de persona Goya, Francisco de,
Fechas asociadas al nombre 1746-1828
9 (RLIN) 240353
655 #7 - TERMINO DE INDIZACIÓN--GENERO/FORMA
Fuente del término tgfbne
9 (RLIN) 226825
Datos o término principal de género/forma Bibliografías
852 ## - LOCALIZACIÓN
Ubicación ES-MaACL
Número de control de estantería D-7186
Sublocalización o colección R.30909
942 ## - ELEMENTOS DE ENTRADA SECUNDARIOS (KOHA)
Fuente del sistema de clasificación o colocación Clasificación decimal universal
Holdings
Estatus retirado Estado de pérdida Estado de daño No para préstamo Biblioteca de origen Biblioteca actual Ubicación en estantería Fecha de adquisición Fuente de adquisición Total de préstamos Signatura topográfica completa Código de barras Visto por última vez Precio de reemplazo Tipo de ítem Koha
        Biblioteca del Ateneo de Madrid Biblioteca del Ateneo de Madrid Sala Valle Inclán 17/01/2008     D-7186 901063750 23/02/2023 23/02/2023 Libro impreso